Swansea City: The Premier League Years - Statistics

General Stats
  • This quiz has been taken 79 times
  • The average score is 14 of 25
Answer Stats
Answer % Correct
Michu
94%
Ashley Williams
83%
Brendan Rodgers
78%
Garry Monk
77%
Wilfried Bony
77%
Leon Britton
71%
Michael Laudrup
71%
Bob Bradley
61%
Gylfi Sigurðsson
59%
Fernando Llorente
54%
Michel Vorm
54%
Scott Sinclair
54%
Danny Graham
49%
Łukasz Fabiański
49%
Paul Clement
49%
Àngel Rangel
48%
Bafétimbi Gomis
42%
André Ayew
41%
Jordan Ayew
41%
Francesco Guidolin
39%
Carlos Carvalhal
36%
Sung-yeung Ki
35%
Alan Curtis
33%
Alfie Mawson
33%
Jonathan de Guzmán
30%
No matching quizzes found
Score Distribution
Percent of People with Each Score
Percentile by Number Answered
Your Score History
You have not taken this quiz